000 00326nam a22001217a 4500
003 1
005 20241223105220.0
008 241223b xxu||||| |||| 00| 0 eng d
245 _aSRA Reading laboratory 1b:
_bstarter booklet/
260 _aQuezon City:
_bAbiva Publishing, Inc.
_c2024
300 _a20 p.
_c22 cm
942 _2ddc
_cBK
999 _c366823
_d366823